00543cam a2200181 a 450000100100000000500170001000800410002704000250006808200160009310000210010924500570013026000490018730000280023650000210026450400320028565000230031765000210034000001079420200929162307.0711222s1972 xxua b 001 0 eng d aDO-SdBNPbspacBNPHU axxxxbH351a1 aHaskin, Larry A.14aThe atomic nucleus and chemistry /cLarry A. Haskin. aLexington :bD. C. Heath and Company,c1972. a137 p. :bil. ;c21 cm. aIncluye índice aBibliografía: p. 135-136. 0aNuclear chemistry. 0aNuclear physics.